[Event "New Delhi Parsvnath op 6th"]
[Site "New Delhi"]
[Date "2008.01.19"]
[Round "9"]
[White "Safin, Shukhrat"]
[Black "Priyadharshan, Kannappan"]
[Result "1-0"]
[WhiteElo "2493"]
[BlackElo "2297"]
[PlyCount "127"]
[EventDate "2008.01.13"]
[EventType "swiss"]
[EventRounds "10"]
[EventCountry "IND"]
[SourceTitle "CBM 122 Extra"]
[Source "ChessBase"]
[SourceDate "2008.03.04"]
[SourceVersion "1"]
[SourceVersionDate "2008.03.04"]
[SourceQuality "1"]

1. d4 Nf6 2. c4 e6 3. Nf3 Bb4+ 4. Nbd2 b6 5. g3 Bb7 6. Bg2 0-0 7. 0-0 Bxd2 8. Qxd2 d6 9. b3 Nbd7 10. Bb2 Qe7 11. Rac1 c5 12. Rfd1 Rfd8 13. d5 e5 14. Nh4 g6 15. e4 Nh5 16. Rf1 Rf8 17. Qh6 Ndf6 18. h3 Kh8 19. Kh2 Rae8 20. Qd2 Bc8 21. Qc3 Nd7 22. f4 f6 23. Rce1 Ng7 24. Qd2 Kg8 25. f5 g5 26. Nf3 h6 27. Bc1 Kf7 28. Qe2 Rh8 29. Be3 a5 30. Nd2 Qd8 31. Nb1 Ke7 32. Nc3 Ba6 33. h4 Qc7 34. Bf3 Reg8 35. Qd2 Kd8 36. Be2 Nb8 37. a3 Qf7 38. Qd1 Nd7 39. Rh1 Kc7 40. Kg2 Ra8 41. Rh2 Rhg8 42. Reh1 Qe7 43. Kf2 Rab8 44. Qd2 Ra8 45. Rb1 Rab8 46. Na4 Rb7 47. Rhh1 Ra8 48. Nc3 Rbb8 49. Rb2 Qe8 50. Qd1 Qe7 51. Rh2 Qf7 52. Qh1 Qe7 53. hxg5 hxg5 54. Rh7 Nf8 55. Rh6 Qf7 56. b4 axb4 57. axb4 Nd7 58. Rh7 Nf8 59. Rh8 Nd7 60. Rxb8 Nxb8 61. bxc5 dxc5 62. d6+ Kc6 63. Qh8 Bb7 64. Qd8 1-0

[Event "New Delhi Parsvnath op 6th"]
[Site "New Delhi"]
[Date "2008.01.13"]
[Round "1"]
[White "Sanjay, Chhabra"]
[Black "Safin, Shukhrat"]
[Result "0-1"]
[WhiteElo "1912"]
[BlackElo "2493"]
[PlyCount "92"]
[EventDate "2008.01.13"]
[EventType "swiss"]
[EventRounds "10"]
[EventCountry "IND"]
[SourceTitle "CBM 122 Extra"]
[Source "ChessBase"]
[SourceDate "2008.03.04"]
[SourceVersion "1"]
[SourceVersionDate "2008.03.04"]
[SourceQuality "1"]

1. d4 Nf6 2. Bf4 c5 3. e3 g6 4. d5 d6 5. Nc3 Bg7 6. e4 0-0 7. Qd2 Qa5 8. Be2 Qb4 9. Bf3 Nh5 10. Bxh5 Qxb2 11. Rb1 Qxc3 12. Bf3 Nd7 13. Ne2 Qxd2+ 14. Kxd2 Ne5 15. Bxe5 Bxe5 16. Nc3 Rb8 17. a4 Bd7 18. a5 b5 19. axb6 axb6 20. Nb5 e6 21. c4 exd5 22. cxd5 Ra8 23. Rhd1 f5 24. Ke2 fxe4 25. Bxe4 Ra2+ 26. Rd2 Rxd2+ 27. Kxd2 Rxf2+ 28. Ke3 Ra2 29. Nc7 Ra3+ 30. Ke2 Ra7 31. Nb5 Ra5 32. Nc7 b5 33. Ne6 Ra1 34. Rxa1 Bxa1 35. Kd2 Be5 36. h3 Kf7 37. Ng5+ Kg7 38. Nf3 Bg3 39. Kd3 Kf6 40. Ng1 h5 41. Ne2 Be5 42. Kc2 c4 43. Nc1 b4 44. Bf3 Bf5+ 45. Kd1 b3 46. g4 b2 0-1

[Event "UZB-ch"]
[Site "Tashkent"]
[Date "2007.05.19"]
[Round "9"]
[White "Dzhumaev, Marat"]
[Black "Safin, Shukhrat"]
[Result "1-0"]
[WhiteElo "2505"]
[BlackElo "2490"]
[PlyCount "87"]
[EventDate "2007.05.11"]
[EventType "tourn"]
[EventRounds "13"]
[EventCountry "UZB"]
[EventCategory "7"]
[SourceTitle "CBM 118 Extra"]
[Source "ChessBase"]
[SourceDate "2007.07.04"]
[SourceVersion "1"]
[SourceVersionDate "2007.07.04"]
[SourceQuality "1"]

1. e4 e5 2. Nf3 Nc6 3. Bb5 a6 4. Ba4 Nf6 5. 0-0 Be7 6. Re1 b5 7. Bb3 d6 8. c3 0-0 9. h3 Bb7 10. d4 Re8 11. Nbd2 Bf8 12. Ng5 Re7 13. d5 Nb8 14. Nf1 Nbd7 15. Ng3 Nc5 16. Bc2 a5 17. f4 Ncd7 18. Rf1 Re8 19. a4 b4 20. c4 exf4 21. Bxf4 Ne5 22. b3 g6 23. Ra2 Bg7 24. Bb1 Nfd7 25. Raf2 Rf8 26. h4 h6 27. Nf3 Nxf3+ 28. gxf3 Qxh4 29. Ne2 Qf6 30. Rg2 Ne5 31. Qd2 Bc8 32. Rg3 g5 33. Be3 Ng6 34. f4 gxf4 35. Nxf4 Qe5 36. Qg2 Bd7 37. Qh2 Qb2 38. Qxb2 Bxb2 39. Nxg6 fxg6 40. Rxg6+ Kh8 41. Rxh6+ Kg8 42. e5 Rxf1+ 43. Kxf1 Rf8+ 44. Kg2 1-0